|
|
|
|
| LEADER |
00000cam a2200000 7i4500 |
| 001 |
0000006497 |
| 005 |
20080517093000.0 |
| 008 |
060918s2004 inu eng |
| 020 |
|
|
|a 0764558900
|
| 020 |
|
|
|a 9780764558900
|
| 090 |
0 |
0 |
|a TK5105.8885.A26
|b P78 2004
|
| 245 |
1 |
0 |
|a Professional ASP.NET 1.1
|c Alex Homer ... [et al]
|
| 260 |
|
|
|a Indianapolis, IN :
|b Wiley Publishing ,
|c c2004
|
| 300 |
|
|
|a xxviii, 1337 p. :
|b ill. ;
|c 24 cm.
|
| 440 |
|
0 |
|a Wrox professional guides
|
| 500 |
|
|
|a "Programmer to programmer"--Cover
|
| 500 |
|
|
|a "Updated and tested for final release of ASP.NET v1.1"--Cover
|
| 504 |
|
|
|a Includes index
|
| 505 |
0 |
|
|a 1. A fast track guide to ASP.NET -- 2. Understanding the .NET framework -- 3. The .NET languages -- 4. Writing ASP.NET pages -- 5. Server controls and validation -- 6. ASP.NET web form controls -- 7. List controls and data binding -- 8. Introducing .NET data management -- 9. Working with relational data -- 10. Updating relational data sources -- 11. XML data management in .NET -- 12. Web applications and global.asax -- 13. Configuration -- 14. Securing ASP.NET applications -- 15. Working with collections and lists -- 16. Working with other base classes -- 17. .NET components -- 18. Building ASP.NET server controls -- 19. Exposing web services -- 20. Using web services -- 21. Mobile controls -- 22. Tracing, error handling, debugging, and performance -- 23. Migration and interoperability -- 24. Case study IBuyAdventure.NET
|
| 650 |
|
0 |
|a Internet programming
|
| 650 |
|
0 |
|a Web site development
|
| 650 |
|
0 |
|a Web sites
|x Design
|
| 700 |
1 |
|
|a Homer, Alex ,
|e author
|
| 999 |
|
|
|a 1000105599
|b Book
|c OPEN SHELF (30 DAYS)
|e Tembila Campus
|
| 999 |
|
|
|a 1000106252
|b Book
|c OPEN SHELF (30 DAYS)
|e Tembila Campus
|